| 000 | 00970nam a22002417a 4500 | ||
|---|---|---|---|
| 003 | BD-DhSAU | ||
| 005 | 20211003101405.0 | ||
| 008 | 210929b |||||||| |||| 00| 0 eng d | ||
| 040 | _aBD-DhSAU | ||
| 082 |
_222 _a338.1 _bSa154 |
||
| 100 |
_aSADIA, FATEMA TUS _eRegistration No.:# 11-04311 |
||
| 245 |
_aComparative profitability analysis and resource use
efficiency of beekeeping using wooden and poly hive in
some selected areas of bangladesh /
_bMs Thesis |
||
| 260 |
_aSher-e-bangla Agricultural University Dhaka 1207; _bDepartment of Agricultural Economics; _c2018; |
||
| 300 |
_aviii; _b62p.; _c30cm.; |
||
| 500 | _aIncluding Index.; | ||
| 590 | _anazmul | ||
| 600 | _qbeekeeping using wooden | ||
| 610 | _apoly hive | ||
| 700 |
_a(Dr. Asif Reza Anik _eSupervisor |
||
| 710 |
_aProf. Dr. Rokeya Begum _eCo-Supervisor |
||
| 856 |
_yOnline Access _uhttp://archive.saulibrary.edu.bd:8080/xmlui/handle/123456789/3409 |
||
| 942 |
_2ddc _cTHESIS |
||
| 999 |
_c15462 _d15461 |
||